<?xml version="1.0" encoding="UTF-8"?>
<record
    xmlns:xsi="http://www.w3.org/2001/XMLSchema-instance"
    xsi:schemaLocation="http://www.loc.gov/MARC21/slim http://www.loc.gov/standards/marcxml/schema/MARC21slim.xsd"
    xmlns="http://www.loc.gov/MARC21/slim">

  <leader>02199nam a2200241 a 4500</leader>
  <controlfield tag="001">000000438</controlfield>
  <controlfield tag="003">DO-SdBNP</controlfield>
  <controlfield tag="005">20231226124527.0</controlfield>
  <controlfield tag="008">081218s1979    dr a          000 0 spa d</controlfield>
  <datafield tag="040" ind1=" " ind2=" ">
    <subfield code="a">DO-SdBNP</subfield>
    <subfield code="b">spa</subfield>
    <subfield code="c">BNPHU</subfield>
  </datafield>
  <datafield tag="082" ind1=" " ind2=" ">
    <subfield code="a">133.9</subfield>
    <subfield code="b">C352o</subfield>
  </datafield>
  <datafield tag="100" ind1="1" ind2=" ">
    <subfield code="a">Castillo de D&#xED;az, Carmen</subfield>
    <subfield code="9">1459</subfield>
  </datafield>
  <datafield tag="245" ind1="1" ind2="4">
    <subfield code="a">Los ovnis y la escuela espiritista /</subfield>
    <subfield code="c">Carmen Castillo de D&#xED;az.</subfield>
  </datafield>
  <datafield tag="260" ind1=" " ind2=" ">
    <subfield code="a">Santo Domingo :</subfield>
    <subfield code="b">La Isabela,</subfield>
    <subfield code="c">1979.</subfield>
  </datafield>
  <datafield tag="300" ind1=" " ind2=" ">
    <subfield code="a">216 p. :</subfield>
    <subfield code="b">il. ;</subfield>
    <subfield code="c">21 cm.</subfield>
  </datafield>
  <datafield tag="505" ind1="0" ind2=" ">
    <subfield code="g">Prefacio --</subfield>
    <subfield code="g">Pr&#xF3;logo --</subfield>
    <subfield code="t">I: El mundo que el hombre desconoce --</subfield>
    <subfield code="t">&#xBF;El Ovnis se crea en el momento que se hace visible o existe siempre? --</subfield>
    <subfield code="t">Cu&#xE1;ndo, por qu&#xE9; y a qui&#xE9;n se le da avistamiento de Ovni --</subfield>
    <subfield code="t">&#xBF;Qu&#xE9; son las pruebas? --</subfield>
    <subfield code="t">Qui&#xE9;n pone las pruebas --</subfield>
    <subfield code="t">La confianza debe ser al Padre Creador, nosotros solo somos sus mensajeros --</subfield>
    <subfield code="t">Por qu&#xE9; nos llamamos mensajeros del Padre --</subfield>
    <subfield code="t">Cu&#xE1;ndo visible y por qu&#xE9; invisibles --</subfield>
    <subfield code="t">Los Avistamientos --</subfield>
    <subfield code="t">El por qu&#xE9; de las experiencias inconscientes --</subfield>
    <subfield code="t">Porqu&#xE9; no se nota nuestra colaboraci&#xF3;n m&#xE1;s ostensiblemente --</subfield>
    <subfield code="t">II: &#xBF;Qu&#xE9; hay de cierto en todas las profec&#xED;as que han sido escritas desde tiempos inmemorables para este tiempo? --</subfield>
    <subfield code="t">El mecanismo del cumplimiento de las profec&#xED;as en el plano espiritual --</subfield>
    <subfield code="t">La necesidad para la Escuela de la prueba --</subfield>
    <subfield code="t">Necesidad para el hombre de esa prueba --</subfield>
    <subfield code="t">&#xBF;Qu&#xE9; necesidad ten&#xED;a el planeta de la prueba? --</subfield>
    <subfield code="t">La escuela espiritista en los pr&#xF3;ximos dos a&#xF1;os --</subfield>
    <subfield code="t">El a&#xF1;o 1980 para la escuela --</subfield>
    <subfield code="t">El verdadero mundo y la verdadera vida --</subfield>
    <subfield code="t">III: El sentido verdadero de la vida --</subfield>
    <subfield code="t">Las facultades que todos los hombres deben desarrollar en este tiempo --</subfield>
    <subfield code="t">Intuici&#xF3;n --</subfield>
    <subfield code="t">Observaci&#xF3;n --</subfield>
    <subfield code="t">La telepat&#xED;a --</subfield>
    <subfield code="t">La inspiraci&#xF3;n --</subfield>
    <subfield code="t">IV: Los Ovnis y el espiritismo --</subfield>
    <subfield code="t">Escuela magn&#xE9;tico espiritual de la comuna universal --</subfield>
    <subfield code="t">Los Ovnis y la escuela espiritista "Hija de la Verdad" --</subfield>
    <subfield code="t">Encuentros cercanos de Tres Tipos --</subfield>
    <subfield code="t">El mecanismo que usamos para dictar este libro --</subfield>
    <subfield code="g">Ep&#xED;logo.</subfield>
  </datafield>
  <datafield tag="590" ind1=" " ind2=" ">
    <subfield code="a">Inventariado, 2018/LP</subfield>
  </datafield>
  <datafield tag="650" ind1=" " ind2="4">
    <subfield code="a">Espiritismo</subfield>
    <subfield code="9">1460</subfield>
  </datafield>
  <datafield tag="650" ind1=" " ind2="4">
    <subfield code="a">Objetos voladores no identificados</subfield>
    <subfield code="9">1461</subfield>
  </datafield>
  <datafield tag="650" ind1=" " ind2="4">
    <subfield code="a">Percepci&#xF3;n extrasensorial</subfield>
    <subfield code="9">1462</subfield>
  </datafield>
  <datafield tag="910" ind1=" " ind2=" ">
    <subfield code="a">Validado. Control de calidad EMS</subfield>
  </datafield>
  <datafield tag="942" ind1=" " ind2=" ">
    <subfield code="2">ddc</subfield>
    <subfield code="c">LBS1</subfield>
  </datafield>
  <datafield tag="952" ind1=" " ind2=" ">
    <subfield code="0">0</subfield>
    <subfield code="1">0</subfield>
    <subfield code="5">2</subfield>
    <subfield code="7">5</subfield>
    <subfield code="8">DS</subfield>
    <subfield code="a">BNPHU</subfield>
    <subfield code="b">BNPHU</subfield>
    <subfield code="c">HD</subfield>
    <subfield code="d">2009-07-27</subfield>
    <subfield code="i">LF1</subfield>
    <subfield code="l">0</subfield>
    <subfield code="o">133.9 C352o</subfield>
    <subfield code="p">438-30</subfield>
    <subfield code="r">2020-06-25</subfield>
    <subfield code="t">e. 3</subfield>
    <subfield code="w">2020-06-25</subfield>
    <subfield code="y">LF1</subfield>
    <subfield code="Z">Pr&#xE9;stamo interno</subfield>
  </datafield>
  <datafield tag="952" ind1=" " ind2=" ">
    <subfield code="0">0</subfield>
    <subfield code="1">0</subfield>
    <subfield code="5">2</subfield>
    <subfield code="7">5</subfield>
    <subfield code="8">DS</subfield>
    <subfield code="a">BNPHU</subfield>
    <subfield code="b">BNPHU</subfield>
    <subfield code="c">HD</subfield>
    <subfield code="d">2009-07-27</subfield>
    <subfield code="i">LF1</subfield>
    <subfield code="l">0</subfield>
    <subfield code="o">133.9 C352o</subfield>
    <subfield code="p">438-40</subfield>
    <subfield code="r">2020-06-25</subfield>
    <subfield code="t">e. 4</subfield>
    <subfield code="w">2020-06-25</subfield>
    <subfield code="y">LF1</subfield>
    <subfield code="Z">Pr&#xE9;stamo interno</subfield>
  </datafield>
  <datafield tag="952" ind1=" " ind2=" ">
    <subfield code="0">0</subfield>
    <subfield code="1">0</subfield>
    <subfield code="5">2</subfield>
    <subfield code="7">5</subfield>
    <subfield code="8">DS</subfield>
    <subfield code="a">BNPHU</subfield>
    <subfield code="b">BNPHU</subfield>
    <subfield code="c">HD</subfield>
    <subfield code="d">2009-07-27</subfield>
    <subfield code="i">LF1</subfield>
    <subfield code="l">0</subfield>
    <subfield code="o">133.9 C352o</subfield>
    <subfield code="p">438-50</subfield>
    <subfield code="r">2020-06-25</subfield>
    <subfield code="t">e. 5</subfield>
    <subfield code="w">2020-06-25</subfield>
    <subfield code="y">LF1</subfield>
    <subfield code="Z">Pr&#xE9;stamo interno</subfield>
  </datafield>
  <datafield tag="952" ind1=" " ind2=" ">
    <subfield code="0">0</subfield>
    <subfield code="1">0</subfield>
    <subfield code="5">3</subfield>
    <subfield code="7">1</subfield>
    <subfield code="8">PD</subfield>
    <subfield code="a">BNPHU</subfield>
    <subfield code="b">BNPHU</subfield>
    <subfield code="c">HD</subfield>
    <subfield code="d">2009-07-27</subfield>
    <subfield code="i">LF1</subfield>
    <subfield code="l">0</subfield>
    <subfield code="o">133.9 C352o</subfield>
    <subfield code="p">438-10</subfield>
    <subfield code="r">2020-06-25</subfield>
    <subfield code="w">2020-06-25</subfield>
    <subfield code="y">LF1</subfield>
    <subfield code="Z">No se presta</subfield>
  </datafield>
  <datafield tag="952" ind1=" " ind2=" ">
    <subfield code="0">0</subfield>
    <subfield code="1">0</subfield>
    <subfield code="5">3</subfield>
    <subfield code="7">1</subfield>
    <subfield code="8">PD</subfield>
    <subfield code="a">BNPHU</subfield>
    <subfield code="b">BNPHU</subfield>
    <subfield code="c">HD</subfield>
    <subfield code="d">2009-07-27</subfield>
    <subfield code="i">LF1</subfield>
    <subfield code="l">0</subfield>
    <subfield code="o">133.9 C352o</subfield>
    <subfield code="p">438-20</subfield>
    <subfield code="r">2020-06-25</subfield>
    <subfield code="t">e. 2</subfield>
    <subfield code="w">2020-06-25</subfield>
    <subfield code="y">LF1</subfield>
    <subfield code="Z">No se presta</subfield>
  </datafield>
  <datafield tag="999" ind1=" " ind2=" ">
    <subfield code="c">436</subfield>
    <subfield code="d">436</subfield>
  </datafield>
</record>
